Bevolkerungs- und Beschaftigungs-entwicklung in den ASEAN-Landern seit 1960
Zapisane w:
| 1. autor: | |
|---|---|
| Format: | Książka |
| Język: | Undetermined |
| Wydane: |
Hamburg
Institut fur Asienkunde
1975
|
| Hasła przedmiotowe: | |
| Etykiety: |
Dodaj etykietę
Nie ma etykietki, Dołącz pierwszą etykiete!
|
| Thư viện lưu trữ: | Trung tâm Học liệu Trường Đại học Cần Thơ |
|---|
| LEADER | 00602nam a2200193Ia 4500 | ||
|---|---|---|---|
| 001 | CTU_109304 | ||
| 008 | 210402s9999 xx 000 0 und d | ||
| 082 | |a 959 | ||
| 082 | |b K96 | ||
| 100 | |a Kuhne, Dietrich | ||
| 245 | 0 | |a Bevolkerungs- und Beschaftigungs-entwicklung in den ASEAN-Landern seit 1960 | |
| 245 | 0 | |c Dietrich Kuhne | |
| 260 | |a Hamburg | ||
| 260 | |b Institut fur Asienkunde | ||
| 260 | |c 1975 | ||
| 650 | |a Southeast asia,Southeast asia | ||
| 650 | |x Economic conditions,Population | ||
| 904 | |i Giang, Q.Hiếu (sửa) | ||
| 980 | |a Trung tâm Học liệu Trường Đại học Cần Thơ | ||